[Event "Mitropa Cup 33rd"]
[Site "Ruzomberok"]
[Date "2014.05.26"]
[Round "4.2"]
[White "Baramidze, David"]
[Black "Repka, Christopher"]
[Result "1/2-1/2"]
[WhiteElo "2610"]
[BlackElo "2352"]
[PlyCount "109"]
[EventDate "2014.05.23"]
[EventType "team-tourn"]
[EventRounds "9"]
[EventCountry "SVK"]
[Source "ChessBase"]
[SourceDate "2014.07.01"]
[WhiteTeam "Germany"]
[BlackTeam "Slovakia II"]
[WhiteTeamCountry "GER"]
[BlackTeamCountry "SVK"]

1. d4 e6 2. c4 Nf6 3. g3 Bb4+ 4. Nd2 c5 5. a3 Bxd2+ 6. Qxd2 Nc6 7. dxc5 Ne4 8.
Qe3 Qa5+ 9. Bd2 Nxd2 10. Qxd2 Qxc5 11. Rc1 a5 12. Nf3 O-O 13. Bg2 b5 14. cxb5
Qxb5 15. O-O d5 16. Rc2 Ba6 17. Rfc1 Rfc8 18. e4 dxe4 19. Ng5 Nd4 20. Rxc8+
Rxc8 21. Rxc8+ Bxc8 22. Qxd4 Qxg5 23. Bxe4 g6 24. h4 Qc1+ 25. Kh2 Qc7 26. b4 e5
27. Qd2 axb4 28. Qxb4 Qa7 29. Kg2 Bd7 30. Qb7 Qxb7 31. Bxb7 f5 32. Kf3 Kg7 33.
Ke3 Kf6 34. Kd3 g5 35. h5 g4 36. Kc4 f4 37. Be4 h6 38. Bg6 Bc6 39. Kc5 Ba8 40.
gxf4 exf4 41. Kd4 g3 42. fxg3 fxg3 43. Ke3 Kg5 44. Ke2 Bg2 45. Be8 Kh4 46. Bd7
Kxh5 47. a4 Kg5 48. Bc8 h5 49. a5 h4 50. a6 Kf4 51. a7 Ke5 52. Bh3 Ba8 53. Kf1
Kd6 54. Bg2 Kc5 55. Bxa8 1/2-1/2

[Event "Mitropa Cup 33rd"]
[Site "Ruzomberok"]
[Date "2014.05.24"]
[Round "2.3"]
[White "Svane, Rasmus"]
[Black "Barbot, Pierre"]
[Result "1/2-1/2"]
[WhiteElo "2490"]
[BlackElo "2413"]
[PlyCount "63"]
[EventDate "2014.05.23"]
[EventType "team-tourn"]
[EventRounds "9"]
[EventCountry "SVK"]
[Source "ChessBase"]
[SourceDate "2014.07.01"]
[WhiteTeam "Germany"]
[BlackTeam "France"]
[WhiteTeamCountry "GER"]
[BlackTeamCountry "FRA"]

1. d4 Nf6 2. c4 g6 3. Nc3 d5 4. Nf3 Bg7 5. cxd5 Nxd5 6. e4 Nxc3 7. bxc3 c5 8.
Rb1 O-O 9. Be2 b6 10. O-O Bb7 11. Qd3 Ba6 12. Qe3 Qd7 13. dxc5 Bxe2 14. Qxe2
Qc7 15. cxb6 axb6 16. Be3 Nd7 17. Rfd1 Nc5 18. e5 Na4 19. Bd4 Rfc8 20. Rb3 Nc5
21. Rb4 Na4 22. Qe3 Nxc3 23. Qxc3 Qxc3 24. Bxc3 Rxc3 25. Rxb6 Rca3 26. Rd2 Bh6
27. Rdb2 Rxa2 28. Rxa2 Rxa2 29. g3 Ra5 30. h4 Bf8 31. Rb7 h6 32. Rc7 1/2-1/2

[Event "Mitropa Cup 33rd"]
[Site "Ruzomberok"]
[Date "2014.05.25"]
[Round "3.3"]
[White "Demuth, Adrien"]
[Black "Loetscher, Roland"]
[Result "1/2-1/2"]
[WhiteElo "2476"]
[BlackElo "2418"]
[PlyCount "80"]
[EventDate "2014.05.23"]
[EventType "team-tourn"]
[EventRounds "9"]
[EventCountry "SVK"]
[Source "ChessBase"]
[SourceDate "2014.07.01"]
[WhiteTeam "France"]
[BlackTeam "Switzerland"]
[WhiteTeamCountry "FRA"]
[BlackTeamCountry "SUI"]

1. Nf3 d5 2. c4 c6 3. g3 Bg4 4. Bg2 e6 5. cxd5 Bxf3 6. Bxf3 cxd5 7. O-O Nc6 8.
d3 Nf6 9. Nc3 Be7 10. Qa4 O-O 11. Bf4 Qd7 12. Rfc1 Rfc8 13. a3 a6 14. Qd1 b5
15. Bg2 h6 16. e4 d4 17. Ne2 Bd8 18. h3 Bb6 19. g4 Ne7 20. Qd2 Rxc1+ 21. Rxc1
Rc8 22. Rxc8+ Nxc8 23. g5 hxg5 24. Bxg5 Nh7 25. Bf4 Ne7 26. Bg3 Nc6 27. e5 Ne7
28. Be4 Nf5 29. h4 Nf8 30. h5 Nxg3 31. Nxg3 Qe7 32. f4 Qh4 33. Kg2 Bd8 34. Qf2
f5 35. Bb7 g5 36. fxg5 Qxg5 37. Kf1 Qc1+ 38. Kg2 Qg5 39. Kf1 Qc1+ 40. Kg2 Qg5
1/2-1/2

[Event "Mitropa Cup 33rd"]
[Site "Ruzomberok"]
[Date "2014.05.28"]
[Round "6.3"]
[White "Hug, Werner"]
[Black "Biolek, Richard Jr"]
[Result "1/2-1/2"]
[WhiteElo "2474"]
[BlackElo "2418"]
[PlyCount "28"]
[EventDate "2014.05.23"]
[EventType "team-tourn"]
[EventRounds "9"]
[EventCountry "SVK"]
[Source "ChessBase"]
[SourceDate "2014.07.01"]
[WhiteTeam "Switzerland"]
[BlackTeam "Czech Republic"]
[WhiteTeamCountry "SUI"]
[BlackTeamCountry "CZE"]

1. Nf3 d6 2. e3 Nd7 3. Bc4 c5 4. O-O b6 5. Qe2 Bb7 6. Ba6 Qc8 7. Bxb7 Qxb7 8.
e4 e6 9. h3 Rc8 10. b3 a6 11. Qd3 d5 12. e5 Nb8 13. g3 h5 14. Nh2 Be7 1/2-1/2

[Event "Mitropa Cup 33rd"]
[Site "Ruzomberok"]
[Date "2014.05.24"]
[Round "2.2"]
[White "Biolek, Richard Jr"]
[Black "Jurcik, Marian"]
[Result "1/2-1/2"]
[WhiteElo "2418"]
[BlackElo "2469"]
[PlyCount "65"]
[EventDate "2014.05.23"]
[EventType "team-tourn"]
[EventRounds "9"]
[EventCountry "SVK"]
[Source "ChessBase"]
[SourceDate "2014.07.01"]
[WhiteTeam "Czech Republic"]
[BlackTeam "Slovakia"]
[WhiteTeamCountry "CZE"]
[BlackTeamCountry "SVK"]

1. d4 Nf6 2. c4 e6 3. Nc3 Bb4 4. e3 O-O 5. Bd3 d5 6. a3 Be7 7. c5 b6 8. b4 a5
9. Rb1 axb4 10. axb4 bxc5 11. bxc5 Ba6 12. f4 Bxd3 13. Qxd3 Nc6 14. Nf3 Rb8 15.
O-O Rxb1 16. Qxb1 Qa8 17. Bd2 Rb8 18. Qa1 Qb7 19. Rb1 Qc8 20. Rxb8 Qxb8 21. Qa6
Nd8 22. Ne5 Qb2 23. Qa2 Qb7 24. Qa4 Qb2 25. Qa2 Qb7 26. Nd3 g6 27. Qa4 Nc6 28.
Qb5 Qa8 29. Na4 Ne4 30. Be1 h5 31. Nf2 Nxf2 32. Kxf2 Kf8 33. Ke2 1/2-1/2

[Event "Mitropa Cup 33rd"]
[Site "Ruzomberok"]
[Date "2014.05.24"]
[Round "2.4"]
[White "Gallagher, Joseph G"]
[Black "Kreisl, Robert"]
[Result "1/2-1/2"]
[WhiteElo "2472"]
[BlackElo "2415"]
[PlyCount "74"]
[EventDate "2014.05.23"]
[EventType "team-tourn"]
[EventRounds "9"]
[EventCountry "SVK"]
[Source "ChessBase"]
[SourceDate "2014.07.01"]
[WhiteTeam "Switzerland"]
[BlackTeam "Austria"]
[WhiteTeamCountry "SUI"]
[BlackTeamCountry "AUT"]

1. e4 c6 2. d4 d5 3. f3 Qb6 4. Nc3 dxe4 5. Nxe4 Bf5 6. c3 Nd7 7. Bd3 Bg6 8. Qe2
e6 9. Nh3 Ngf6 10. Be3 Qa5 11. O-O Be7 12. Kh1 O-O 13. Nf4 Qc7 14. Rae1 c5 15.
Ng5 Bxd3 16. Qxd3 cxd4 17. cxd4 Qa5 18. d5 e5 19. Bd2 Bb4 20. Bxb4 Qxb4 21. Nh5
Qxb2 22. f4 exf4 23. Rxf4 Rae8 24. Ref1 Qe2 25. Nxf6+ Nxf6 26. Qb1 Re5 27. Rxf6
Rxg5 28. R6f2 Qe7 29. d6 Qxd6 30. Qxb7 Rh5 31. h3 Qd5 32. Rxf7 Rxh3+ 33. Kg1
Qd4+ 34. R1f2 Qd1+ 35. Rf1 Qd4+ 36. R1f2 Qd1+ 37. Rf1 Qd4+ 1/2-1/2

[Event "Mitropa Cup 33rd"]
[Site "Ruzomberok"]
[Date "2014.05.29"]
[Round "7.2"]
[White "Acs, Peter"]
[Black "Druska, Juraj"]
[Result "1-0"]
[WhiteElo "2572"]
[BlackElo "2364"]
[PlyCount "105"]
[EventDate "2014.05.23"]
[EventType "team-tourn"]
[EventRounds "9"]
[EventCountry "SVK"]
[Source "ChessBase"]
[SourceDate "2014.07.01"]
[WhiteTeam "Hungary"]
[BlackTeam "Slovakia II"]
[WhiteTeamCountry "HUN"]
[BlackTeamCountry "SVK"]

1. e4 c5 2. Nf3 d6 3. d4 cxd4 4. Nxd4 Nf6 5. Nc3 Nc6 6. Bg5 a6 7. Qd2 Nxd4 8.
Qxd4 Qa5 9. f4 e5 10. Qd2 Be7 11. O-O-O O-O 12. Kb1 h6 13. Bxf6 Bxf6 14. f5 b5
15. h4 Bb7 16. g4 b4 17. Nd5 Bxd5 18. exd5 Qd8 19. Qh2 e4 20. g5 Be5 21. Qg2 h5
22. Qxe4 a5 23. Bb5 a4 24. Qxb4 a3 25. bxa3 Qc8 26. Rhf1 Bc3 27. Qb3 Qc5 28. a4
Rab8 29. Rf3 Rfc8 30. Rxc3 Qxc3 31. Qxc3 Rxc3 32. Kb2 Rc4 33. Kb3 Rxh4 34. c4
Rf4 35. a5 Rxf5 36. a6 Rxg5 37. Ka4 Rg2 38. a3 h4 39. Bc6 h3 40. a7 Rd8 41. Rb1
h2 42. Rb8 h1=Q 43. Rxd8+ Kh7 44. a8=Q Qc1 45. Ka5 Qxc4 46. a4 Rd2 47. Qb8 Qc5+
48. Ka6 f5 49. Qb3 Rd4 50. Qh3+ Kg6 51. Qg3+ Kh7 52. Qh2+ Kg6 53. Qxd6+ 1-0

[Event "Mitropa Cup 33rd"]
[Site "Ruzomberok"]
[Date "2014.05.29"]
[Round "7.4"]
[White "Froewis, Georg"]
[Black "Mazur, Stefan"]
[Result "1/2-1/2"]
[WhiteElo "2438"]
[BlackElo "2426"]
[PlyCount "154"]
[EventDate "2014.05.23"]
[EventType "team-tourn"]
[EventRounds "9"]
[EventCountry "SVK"]
[Source "ChessBase"]
[SourceDate "2014.07.01"]
[WhiteTeam "Austria"]
[BlackTeam "Slovakia"]
[WhiteTeamCountry "AUT"]
[BlackTeamCountry "SVK"]

1. d4 d5 2. c4 dxc4 3. e4 e5 4. Nf3 exd4 5. Bxc4 Nc6 6. O-O Be6 7. Bxe6 fxe6 8.
Qb3 Qd7 9. Qxb7 Rb8 10. Qa6 Bd6 11. Nbd2 Nf6 12. b3 O-O 13. Bb2 e5 14. Rac1 Ne7
15. Bxd4 exd4 16. e5 Bb4 17. exf6 Rxf6 18. Qxa7 Rc8 19. Rfd1 Rf4 20. Nf1 Nf5
21. Ne5 Qd6 22. Nd3 Ba3 23. Qb7 Ne7 24. Nxf4 Bxc1 25. Ne2 Bb2 26. Rd2 Ba1 27.
Qe4 Qf6 28. Nxd4 c5 29. Nf3 h6 30. Rd7 Nf5 31. Qd5+ Kh8 32. Rf7 Ne7 33. Qc4 Qd6
34. N3d2 Nc6 35. Ne4 Qg6 36. Qa6 Re8 37. Rc7 Qxe4 38. Qxc6 Qxc6 39. Rxc6 Bd4
40. Ne3 Ra8 41. a4 Rb8 42. g3 Rxb3 43. Nf5 Ra3 44. Nxd4 cxd4 45. Rc4 d3 46. Rd4
d2 47. Rxd2 Rxa4 48. Rd6 Kh7 49. Kh1 h5 50. Kg2 h4 51. Kh3 hxg3 52. hxg3 Kg8
53. f4 Kf7 54. Kg4 g6 55. Rb6 Rc4 56. Rb5 Kf6 57. Rb6+ Kf7 58. Rd6 Ra4 59. Rd3
Kf6 60. Rb3 Rc4 61. Kf3 Rc1 62. g4 Rf1+ 63. Kg3 Rg1+ 64. Kh3 Rh1+ 65. Kg2 Ra1
66. Rb6+ Kf7 67. Rb7+ Kg8 68. Kf3 Ra4 69. Rd7 Rb4 70. g5 Ra4 71. Ke3 Rb4 72.
Rd4 Rb1 73. Ke4 Re1+ 74. Kd5 Kf7 75. Kd6 Ra1 76. Kd7 Ra7+ 77. Kc6 Ra6+ 1/2-1/2

[Event "Mitropa Cup 33rd"]
[Site "Ruzomberok"]
[Date "2014.05.24"]
[Round "2.1"]
[White "Duda, Jan Krzysztof"]
[Black "Repka, Christopher"]
[Result "1-0"]
[WhiteElo "2587"]
[BlackElo "2352"]
[PlyCount "110"]
[EventDate "2014.05.23"]
[EventType "team-tourn"]
[EventRounds "9"]
[EventCountry "SVK"]
[Source "ChessBase"]
[SourceDate "2014.07.01"]
[WhiteTeam "Poland"]
[BlackTeam "Slovakia II"]
[WhiteTeamCountry "POL"]
[BlackTeamCountry "SVK"]

1. e4 e6 2. d4 d5 3. Nc3 Nf6 4. Bg5 Be7 5. e5 Nfd7 6. h4 h6 7. Bxe7 Qxe7 8. Qd2
a6 9. f4 c5 10. Nf3 Nc6 11. dxc5 Nxc5 12. O-O-O b5 13. Bd3 b4 14. Ne2 a5 15.
Kb1 Ba6 16. Ned4 Nxd4 17. Nxd4 b3 18. Nxb3 Bxd3 19. Nxc5 Bh7 20. Nb3 a4 21. Nd4
O-O 22. Rh3 Rfc8 23. h5 Qb7 24. Rc3 Rcb8 25. Qc1 Ra6 26. Ka1 Be4 27. a3 Rb6 28.
b4 axb3 29. cxb3 Ra8 30. Kb2 Qa7 31. Rc8+ Rxc8 32. Qxc8+ Kh7 33. g3 Ra6 34. a4
Qb6 35. Ka3 Qa5 36. Rc1 Ra8 37. Qc3 Qa7 38. Qc5 Qa6 39. Qc6 Qa7 40. Nb5 Qa5 41.
Rc5 Ra6 42. Nd6 Rxc6 43. Rxa5 Rc3 44. Ra7 Bf3 45. a5 d4 46. Nb5 Rd3 47. Rxf7
Bd5 48. Nc7 Rxb3+ 49. Ka4 Bc4 50. a6 d3 51. Rd7 Rb2 52. Ka5 d2 53. a7 Be2 54.
a8=Q Ra2+ 55. Kb6 Rxa8 1-0

[Event "Mitropa Cup 33rd"]
[Site "Ruzomberok"]
[Date "2014.05.31"]
[Round "9.3"]
[White "Biolek, Richard Jr"]
[Black "Diermair, Andreas"]
[Result "1/2-1/2"]
[WhiteElo "2418"]
[BlackElo "2451"]
[PlyCount "109"]
[EventDate "2014.05.23"]
[EventType "team-tourn"]
[EventRounds "9"]
[EventCountry "SVK"]
[Source "ChessBase"]
[SourceDate "2014.07.01"]
[WhiteTeam "Czech Republic"]
[BlackTeam "Austria"]
[WhiteTeamCountry "CZE"]
[BlackTeamCountry "AUT"]

1. d4 d5 2. c4 c6 3. Nf3 Nf6 4. Nc3 dxc4 5. a4 Bf5 6. e3 e6 7. Bxc4 Bb4 8. O-O
Nbd7 9. Qe2 Bg6 10. e4 O-O 11. e5 Nd5 12. Nxd5 cxd5 13. Bd3 h6 14. Bxg6 fxg6
15. Qb5 Qe7 16. Bd2 Bxd2 17. Nxd2 Nb8 18. f4 Nc6 19. Nb3 Rac8 20. Rac1 Rc7 21.
g3 Rfc8 22. Rc3 Qf7 23. Rfc1 Qf5 24. Qe2 g5 25. fxg5 Qxg5 26. Rf1 Qg6 27. Qf2
Kh7 28. Nc5 Qg4 29. Qc2+ Kh8 30. Nb3 Kg8 31. Rf4 Qg5 32. Kg2 Rf7 33. Rxf7 Kxf7
34. Na5 Rc7 35. Nxb7 Rxb7 36. Qf2+ Kg8 37. Rxc6 Qg4 38. Rc8+ Kh7 39. Qc2+ Qe4+
40. Kf2 Rf7+ 41. Kg1 Qxc2 42. Rxc2 Rb7 43. Rc6 Rxb2 44. Rxe6 Rb4 45. Ra6 Rxd4
46. e6 Re4 47. Kf2 d4 48. Kf3 Re1 49. Rxa7 Rxe6 50. Rd7 Re3+ 51. Kf4 Re2 52. h4
Rd2 53. Ke4 Re2+ 54. Kf4 Rd2 55. Ke4 1/2-1/2

[Event "Mitropa Cup 33rd"]
[Site "Ruzomberok"]
[Date "2014.05.24"]
[Round "2.4"]
[White "Diermair, Andreas"]
[Black "Loetscher, Roland"]
[Result "1-0"]
[WhiteElo "2451"]
[BlackElo "2418"]
[PlyCount "91"]
[EventDate "2014.05.23"]
[EventType "team-tourn"]
[EventRounds "9"]
[EventCountry "SVK"]
[Source "ChessBase"]
[SourceDate "2014.07.01"]
[WhiteTeam "Austria"]
[BlackTeam "Switzerland"]
[WhiteTeamCountry "AUT"]
[BlackTeamCountry "SUI"]

1. d4 d5 2. c4 c6 3. Nf3 Nf6 4. Nc3 e6 5. Bg5 h6 6. Bh4 dxc4 7. e4 g5 8. Bg3 b5
9. Be2 Bb7 10. h4 g4 11. Ne5 Rg8 12. Bxg4 Nbd7 13. Nxd7 Qxd7 14. Bf3 b4 15. Na4
c5 16. Nxc5 Bxc5 17. dxc5 Nxe4 18. Qxd7+ Kxd7 19. O-O-O+ Ke8 20. Bf4 Nxc5 21.
Bxb7 Nxb7 22. Bxh6 Nc5 23. Be3 Nd3+ 24. Kb1 Rxg2 25. b3 f5 26. bxc4 Ne5 27. c5
Nc4 28. h5 Nxe3 29. fxe3 Rc8 30. h6 Rg8 31. Rdg1 Kf7 32. h7 Rh8 33. Rc1 Kg7 34.
Kb2 Rxh7 35. Rxh7+ Kxh7 36. Kb3 Kg6 37. Kxb4 e5 38. c6 f4 39. exf4 exf4 40. Kc5
Kf5 41. Kd6 f3 42. Kd7 Rg8 43. c7 Ke4 44. c8=Q Rxc8 45. Kxc8 a5 46. a4 1-0

[Event "Mitropa Cup 33rd"]
[Site "Ruzomberok"]
[Date "2014.05.29"]
[Round "7.1"]
[White "Repka, Christopher"]
[Black "Ruck, Robert"]
[Result "0-1"]
[WhiteElo "2352"]
[BlackElo "2572"]
[PlyCount "56"]
[EventDate "2014.05.23"]
[EventType "team-tourn"]
[EventRounds "9"]
[EventCountry "SVK"]
[Source "ChessBase"]
[SourceDate "2014.07.01"]
[WhiteTeam "Slovakia II"]
[BlackTeam "Hungary"]
[WhiteTeamCountry "SVK"]
[BlackTeamCountry "HUN"]

1. d4 Nf6 2. Nf3 g6 3. c4 Bg7 4. g3 c6 5. Bg2 d5 6. cxd5 cxd5 7. O-O O-O 8. Nc3
Nc6 9. Bf4 Ne4 10. Rc1 e6 11. Nxe4 dxe4 12. Ne5 Nxd4 13. Rc4 Nf5 14. Ng4 Qxd1
15. Rxd1 h5 16. Ne3 e5 17. Nxf5 gxf5 18. Be3 Be6 19. Rc7 b6 20. b3 Rfc8 21.
Rdc1 h4 22. g4 f4 23. Bd2 Rxc7 24. Rxc7 Rd8 25. Be1 Rd1 26. Kf1 Bxg4 27. f3 h3
28. Bh1 Bf6 0-1

[Event "Mitropa Cup 33rd"]
[Site "Ruzomberok"]
[Date "2014.05.28"]
[Round "6.3"]
[White "Diermair, Andreas"]
[Black "Barbot, Pierre"]
[Result "1-0"]
[WhiteElo "2451"]
[BlackElo "2413"]
[PlyCount "109"]
[EventDate "2014.05.23"]
[EventType "team-tourn"]
[EventRounds "9"]
[EventCountry "SVK"]
[Source "ChessBase"]
[SourceDate "2014.07.01"]
[WhiteTeam "Austria"]
[BlackTeam "France"]
[WhiteTeamCountry "AUT"]
[BlackTeamCountry "FRA"]

1. d4 d5 2. c4 Nc6 3. Nc3 Nf6 4. Nf3 dxc4 5. Bg5 h6 6. Bh4 a6 7. d5 Na7 8. e4
e6 9. Bxc4 exd5 10. Nxd5 g5 11. Qd4 Bg7 12. Bg3 Nc6 13. Qe3 Nxd5 14. Bxd5 Nb4
15. Bxf7+ Kxf7 16. Qb3+ Be6 17. Qxb4 Qd3 18. Rd1 Qb5 19. Ne5+ Bxe5 20. Qxb5
axb5 21. Bxe5 Rhe8 22. Bd4 Rxa2 23. f3 Bb3 24. Rc1 Rd8 25. Be5 Bc4 26. Kf2 Ke6
27. Bc3 c5 28. Rhd1 Bd3 29. Ke3 c4 30. Ra1 Rxa1 31. Rxa1 Bc2 32. Ra7 Rd3+ 33.
Kf2 Rd7 34. Ra5 Ba4 35. Ra8 Kf7 36. Rh8 Kg6 37. Rg8+ Kh7 38. Rf8 b4 39. Bxb4
Kg7 40. Rc8 Bc6 41. Bc3+ Kf7 42. Rh8 Rd6 43. Rh7+ Kg8 44. Rg7+ Kf8 45. Rxg5 Re6
46. Rf5+ Ke7 47. Ke3 b5 48. g4 Bd7 49. Bb4+ Kd8 50. Rf8+ Be8 51. Kd4 Ra6 52. f4
Ra4 53. Kc3 Ra1 54. f5 Rd1 55. e5 1-0

[Event "Mitropa Cup 33rd"]
[Site "Ruzomberok"]
[Date "2014.05.30"]
[Round "8.4"]
[White "Jurcik, Marian"]
[Black "Vitoux, Colomban"]
[Result "1-0"]
[WhiteElo "2469"]
[BlackElo "2402"]
[PlyCount "57"]
[EventDate "2014.05.23"]
[EventType "team-tourn"]
[EventRounds "9"]
[EventCountry "SVK"]
[Source "ChessBase"]
[SourceDate "2014.07.01"]
[WhiteTeam "Slovakia"]
[BlackTeam "France"]
[WhiteTeamCountry "SVK"]
[BlackTeamCountry "FRA"]

1. e4 c5 2. Nf3 Nf6 3. e5 Nd5 4. d4 cxd4 5. Qxd4 Nb6 6. Nc3 g6 7. Qh4 Bg7 8.
Bh6 O-O 9. O-O-O f6 10. Ne4 d5 11. exd6 Bf5 12. Bxg7 Kxg7 13. Nd4 e5 14. Nxf5+
gxf5 15. Ng3 Qd7 16. Qh5 f4 17. Nf5+ Kh8 18. Ne7 Qe8 19. Qh6 N8d7 20. Bd3 Rf7
21. g3 Nc5 22. gxf4 e4 23. Rhg1 exd3 24. Ng6+ Kg8 25. Nf8+ Kh8 26. Nxh7 d2+ 27.
Kb1 Qd7 28. Nxf6+ Rh7 29. Nxh7 1-0

[Event "Mitropa Cup 33rd"]
[Site "Ruzomberok"]
[Date "2014.05.28"]
[Round "6.2"]
[White "Brunner, Nicolas"]
[Black "Kreisl, Robert"]
[Result "0-1"]
[WhiteElo "2441"]
[BlackElo "2415"]
[PlyCount "88"]
[EventDate "2014.05.23"]
[EventType "team-tourn"]
[EventRounds "9"]
[EventCountry "SVK"]
[Source "ChessBase"]
[SourceDate "2014.07.01"]
[WhiteTeam "France"]
[BlackTeam "Austria"]
[WhiteTeamCountry "FRA"]
[BlackTeamCountry "AUT"]

1. d4 Nf6 2. c4 g6 3. g3 c6 4. Nf3 d5 5. b3 Bg7 6. Bg2 O-O 7. O-O Bf5 8. Bb2
Nbd7 9. e3 Be4 10. Qe2 Re8 11. Nbd2 Qa5 12. Rfc1 Rad8 13. h3 e6 14. a3 Qc7 15.
b4 Qb8 16. cxd5 cxd5 17. a4 Rc8 18. Bf1 Bxf3 19. Nxf3 Rxc1 20. Rxc1 Rc8 21. Qd1
Bf8 22. b5 Ne4 23. g4 Rc7 24. Bd3 Nd6 25. Nd2 Qc8 26. a5 Nf6 27. a6 bxa6 28.
bxa6 Nc4 29. Nxc4 dxc4 30. Bf1 c3 31. Ba1 c2 32. Qf3 Nd5 33. e4 Bh6 34. Bb2 Qb8
35. Qa3 Bxc1 36. Bxc1 Rc3 37. Qa5 Qc7 38. Qb5 Nf6 39. e5 Nd7 40. Bg2 h6 41. Qe2
Qc4 42. Qd2 Rd3 43. Qxh6 Rd1+ 44. Kh2 Qxd4 0-1

[Event "Mitropa Cup 33rd"]
[Site "Ruzomberok"]
[Date "2014.05.23"]
[Round "1.5"]
[White "Michalik, Peter"]
[Black "Repka, Christopher"]
[Result "1-0"]
[WhiteElo "2562"]
[BlackElo "2352"]
[PlyCount "71"]
[EventDate "2014.05.23"]
[EventType "team-tourn"]
[EventRounds "9"]
[EventCountry "SVK"]
[Source "ChessBase"]
[SourceDate "2014.07.01"]
[WhiteTeam "Slovakia"]
[BlackTeam "Slovakia II"]
[WhiteTeamCountry "SVK"]
[BlackTeamCountry "SVK"]

1. d4 e6 2. c4 Nf6 3. g3 Bb4+ 4. Bd2 a5 5. Bg2 O-O 6. Nf3 d5 7. O-O dxc4 8. Qc2
Nc6 9. Qxc4 Qd5 10. Qxd5 exd5 11. Bf4 Bg4 12. a3 Be7 13. Rd1 a4 14. Ne5 Nxe5
15. dxe5 Nd7 16. Bxd5 g5 17. e6 fxe6 18. Bxb7 gxf4 19. Bxa8 fxg3 20. hxg3 Ne5
21. Bf3 Nxf3+ 22. exf3 Bxf3 23. Rd3 Bc5 24. Nc3 Rf6 25. Re1 Ba7 26. Re5 Bc6 27.
Rd2 Rg6 28. Kf1 Rh6 29. Ke2 Kf7 30. Nxa4 Rh2 31. Nc5 Bb5+ 32. Kf3 Bc6+ 33. Ke3
Bd5 34. b4 c6 35. Kd3 Be4+ 36. Kxe4 1-0

[Event "Mitropa Cup 33rd"]
[Site "Ruzomberok"]
[Date "2014.05.23"]
[Round "1.2"]
[White "Gloor, Roger"]
[Black "Szabo, Krisztian"]
[Result "1/2-1/2"]
[WhiteElo "2357"]
[BlackElo "2543"]
[PlyCount "89"]
[EventDate "2014.05.23"]
[EventType "team-tourn"]
[EventRounds "9"]
[EventCountry "SVK"]
[Source "ChessBase"]
[SourceDate "2014.07.01"]
[WhiteTeam "Switzerland"]
[BlackTeam "Hungary"]
[WhiteTeamCountry "SUI"]
[BlackTeamCountry "HUN"]

1. e4 c5 2. Nf3 e6 3. d4 cxd4 4. Nxd4 Nc6 5. Nc3 Qc7 6. f4 a6 7. Nxc6 Qxc6 8.
Bd3 b5 9. Qe2 Bb7 10. Bd2 Bc5 11. O-O-O Ne7 12. a3 O-O-O 13. g4 d5 14. Kb1 d4
15. Na2 Kb8 16. Rhf1 Ka8 17. Nc1 Bb6 18. Nb3 Qc7 19. Qe1 Nc6 20. e5 h5 21. g5
Rd7 22. Bb4 Nxb4 23. axb4 Ka7 24. Nd2 Bd5 25. Ne4 Qc6 26. Rc1 Rc7 27. Rg1 Qd7
28. Rg3 Qc6 29. Rh3 Kb8 30. Nd6 f5 31. gxf6 gxf6 32. Ne4 fxe5 33. fxe5 Rg7 34.
Nf6 Rg5 35. Rg3 Rxg3 36. Qxg3 Qb7 37. Qf4 Bc6 38. Rg1 Qe7 39. Be4 d3 40. Rc1
Qxb4 41. cxd3 Bd4 42. Rc2 Qe1+ 43. Rc1 Qb4 44. Rc2 Qe1+ 45. Rc1 1/2-1/2

[Event "Mitropa Cup 33rd"]
[Site "Ruzomberok"]
[Date "2014.05.23"]
[Round "1.2"]
[White "Hera, Imre Jr"]
[Black "Rindlisbacher, Lars"]
[Result "1/2-1/2"]
[WhiteElo "2559"]
[BlackElo "2348"]
[PlyCount "51"]
[EventDate "2014.05.23"]
[EventType "team-tourn"]
[EventRounds "9"]
[EventCountry "SVK"]
[Source "ChessBase"]
[SourceDate "2014.07.01"]
[WhiteTeam "Hungary"]
[BlackTeam "Switzerland"]
[WhiteTeamCountry "HUN"]
[BlackTeamCountry "SUI"]

1. d4 Nf6 2. c4 e6 3. Nf3 d5 4. g3 dxc4 5. Bg2 a6 6. O-O Nc6 7. Bg5 Be7 8. e3
Bd7 9. Nbd2 b5 10. Bxf6 gxf6 11. b3 cxb3 12. Nxb3 Rb8 13. d5 Ne5 14. Nxe5 fxe5
15. dxe6 Bxe6 16. Qh5 Bd6 17. f4 Qf6 18. fxe5 Qxe5 19. Bc6+ Ke7 20. Qh4+ f6 21.
Nd4 Rb6 22. Bg2 Bd7 23. Nf3 Qf5 24. Nd4 Qe5 25. Nf3 Qf5 26. Nd4 1/2-1/2

[Event "Mitropa Cup 33rd"]
[Site "Ruzomberok"]
[Date "2014.05.26"]
[Round "4.2"]
[White "Druska, Juraj"]
[Black "Heimann, Andreas"]
[Result "1/2-1/2"]
[WhiteElo "2364"]
[BlackElo "2524"]
[PlyCount "146"]
[EventDate "2014.05.23"]
[EventType "team-tourn"]
[EventRounds "9"]
[EventCountry "SVK"]
[Source "ChessBase"]
[SourceDate "2014.07.01"]
[WhiteTeam "Slovakia II"]
[BlackTeam "Germany"]
[WhiteTeamCountry "SVK"]
[BlackTeamCountry "GER"]

1. d4 Nf6 2. Bg5 d5 3. e3 c5 4. Bxf6 gxf6 5. Nc3 e6 6. Qh5 cxd4 7. exd4 Nd7 8.
Nf3 f5 9. Bb5 a6 10. Bxd7+ Bxd7 11. O-O Qf6 12. Ne5 Bd6 13. Rfe1 Bxe5 14. Rxe5
O-O-O 15. f4 Kb8 16. Ne2 Rc8 17. c3 Ba4 18. Rc1 Bb5 19. Re3 Rhg8 20. Rg3 Rg6
21. Rxg6 hxg6 22. Qf3 Qh4 23. g3 Qg4 24. Kf2 Bc4 25. b3 Bb5 26. Ng1 Rh8 27. h3
Qxf3+ 28. Kxf3 Bd3 29. Ke3 Be4 30. h4 b5 31. Nh3 f6 32. Nf2 Rc8 33. Kd2 Kb7 34.
Rg1 Rh8 35. Ke3 Kc6 36. Rc1 Kd6 37. Nh3 Rc8 38. Nf2 Rc7 39. Kd2 Rh7 40. Ke3 Rc7
41. Kd2 Rc8 42. Ke3 Rb8 43. Kd2 a5 44. a3 a4 45. b4 Ke7 46. Ke3 Kf7 47. Nh3 Bg2
48. Nf2 Be4 49. Nh3 Rc8 50. Nf2 Rg8 51. Nh3 Bg2 52. Nf2 Be4 53. Nh3 Rh8 54. Rg1
Rc8 55. Rc1 Kg7 56. Nf2 Kh6 57. Nh3 Kh5 58. Nf2 Rc7 59. Ke2 Rc6 60. Ke3 Rc8 61.
Ke2 g5 62. hxg5 fxg5 63. Nh3 gxf4 64. gxf4 Kg6 65. Rg1+ Kf6 66. Rg3 Rh8 67. Kf2
Rh4 68. Kf1 Bc2 69. Ke2 Be4 70. Kf2 Bc2 71. Ke2 Bb1 72. Kf2 Be4 73. Kf1 Bc2
1/2-1/2

[Event "Mitropa Cup 33rd"]
[Site "Ruzomberok"]
[Date "2014.05.25"]
[Round "3.5"]
[White "Krejci, Jan1"]
[Black "Druska, Juraj"]
[Result "1-0"]
[WhiteElo "2525"]
[BlackElo "2364"]
[PlyCount "115"]
[EventDate "2014.05.23"]
[EventType "team-tourn"]
[EventRounds "9"]
[EventCountry "SVK"]
[Source "ChessBase"]
[SourceDate "2014.07.01"]
[WhiteTeam "Czech Republic"]
[BlackTeam "Slovakia II"]
[WhiteTeamCountry "CZE"]
[BlackTeamCountry "SVK"]

1. d4 Nf6 2. c4 e6 3. Nc3 Bb4 4. e3 O-O 5. Bd3 c5 6. Nge2 cxd4 7. exd4 d5 8. a3
dxc4 9. Bxh7+ Nxh7 10. axb4 Nc6 11. b5 Nb4 12. O-O b6 13. Qa4 a5 14. Bd2 Bb7
15. Nd1 Qh4 16. Ra3 Ng5 17. f3 Rfd8 18. Bxb4 axb4 19. Qxb4 Rxa3 20. Qxa3 Ra8
21. Qd6 Qh5 22. Ng3 Qh4 23. Nc3 Bd5 24. Nge2 Kh7 25. Nxd5 exd5 26. Qxd5 Re8 27.
Qxc4 Re6 28. Qd3+ Kg8 29. Ra1 Rg6 30. Kh1 Ne6 31. g3 Qh5 32. Ra8+ Kh7 33. Kg2
f5 34. d5 Nc5 35. Qd4 Rh6 36. h4 Qf7 37. Nf4 Qd7 38. Qe5 Rd6 39. Qe8 Qxe8 40.
Rxe8 Na4 41. Re6 Rd7 42. Rc6 Nxb2 43. Rxb6 Nc4 44. Rc6 Ne3+ 45. Kf2 Nxd5 46.
Nxd5 Rxd5 47. b6 Rb5 48. Ke3 Rb3+ 49. Kf4 Kg8 50. h5 Kh7 51. Rd6 Rb5 52. Rg6
Rb3 53. Kxf5 Rxf3+ 54. Ke6 Rd3 55. Ke7 Rd5 56. g4 Rd4 57. Rd6 Rxg4 58. Kd7 1-0